[Event "GER-chT U12"]
[Site "Magdeburg"]
[Date "2018.12.30"]
[Round "7.3"]
[White "Karpen, Jakob"]
[Black "Debets, Mario"]
[Result "1-0"]
[WhiteElo "1336"]
[BlackElo "1000"]
[PlyCount "93"]
[EventDate "2018.12.27"]
[EventType "team-swiss"]
[EventRounds "7"]
[EventCountry "GER"]
[SourceTitle "CBM 188 Extra"]
[Source "ChessBase"]
[SourceDate "2019.02.26"]
[SourceVersion "1"]
[SourceVersionDate "2019.02.26"]
[SourceQuality "1"]
[WhiteTeam "Vaterstetten"]
[BlackTeam "Eilendorf Arminia"]
[WhiteTeamCountry "GER"]
[BlackTeamCountry "GER"]

1. e4 e5 2. Nf3 Nc6 3. d4 d6 4. dxe5 dxe5 5. Qxd8+ Nxd8 6. Nc3 Bd6 7. Bc4 Nf6 8. Bg5 0-0 9. Bxf6 gxf6 10. Nd5 f5 11. 0-0-0 Rb8 12. Rhg1 b5 13. Bb3 a5 14. g4 fxg4 15. Nf6+ Kh8 16. Nxg4 a4 17. Bd5 c6 18. Bxc6 Nxc6 19. Rxd6 Nb4 20. Nh6 Be6 21. a3 Na2+ 22. Kb1 b4 23. Nxe5 Rb7 24. Nexf7+ Bxf7 25. Nxf7+ Rbxf7 26. Kxa2 Rxf2 27. axb4 Rxc2 28. Re1 Rcc8 29. e5 Rfe8 30. e6 Kg7 31. Rf1 Rc4 32. Rd7+ Kg6 33. e7 Re4 34. Ka3 R4xe7 35. Rxe7 Rxe7 36. Kxa4 Rb7 37. b5 Kg5 38. Ka5 Kg4 39. b6 Kh3 40. Rg1 Kxh2 41. Rg8 h5 42. Ka6 Rh7 43. b7 h4 44. b8Q+ Kh3 45. Qb3+ Kh2 46. Qc2+ Kh3 47. Qg2# 1-0

[Event "GER-chT U12"]
[Site "Magdeburg"]
[Date "2018.12.29"]
[Round "6.4"]
[White "Ruppel, Felix"]
[Black "Debets, Mario"]
[Result "1/2-1/2"]
[WhiteElo "1004"]
[BlackElo "1000"]
[PlyCount "87"]
[EventDate "2018.12.27"]
[EventType "team-swiss"]
[EventRounds "7"]
[EventCountry "GER"]
[SourceTitle "CBM 188 Extra"]
[Source "ChessBase"]
[SourceDate "2019.02.26"]
[SourceVersion "1"]
[SourceVersionDate "2019.02.26"]
[SourceQuality "1"]
[WhiteTeam "Neuberg"]
[BlackTeam "Eilendorf Arminia"]
[WhiteTeamCountry "GER"]
[BlackTeamCountry "GER"]

1. e4 e5 2. Nf3 Nc6 3. Bc4 Bc5 4. c3 d6 5. a4 a6 6. h3 Nf6 7. d3 0-0 8. Bg5 Be6 9. 0-0 h6 10. Bh4 Qe7 11. Nbd2 Rfd8 12. Re1 d5 13. exd5 Bxd5 14. Bxd5 Rxd5 15. d4 Bb6 16. Nc4 Re8 17. Ncxe5 Nxe5 18. Nxe5 Qd6 19. Nc4 Rxe1+ 20. Qxe1 Qd7 21. Bxf6 Qc6 22. Ne3 gxf6 23. Nxd5 Qxd5 24. f3 Qb3 25. Qe2 c6 26. Ra3 Qd5 27. b4 Bc7 28. Qd3 Qd6 29. Kf1 a5 30. Rb3 Kg7 31. bxa5 Bxa5 32. Rxb7 Qa3 33. Qc4 Bxc3 34. Qxc6 Bxd4 35. Qd7 Qd3+ 36. Ke1 Qe3+ 37. Kd1 Qd3+ 38. Kc1 Qc3+ 39. Kb1 Qd3+ 40. Ka2 Qc2+ 41. Ka3 Qc3+ 42. Rb3 Bc5+ 43. Ka2 Qc2+ 44. Rb2 1/2-1/2

[Event "GER-chT U12"]
[Site "Magdeburg"]
[Date "2018.12.28"]
[Round "3.3"]
[White "Debets, Mario"]
[Black "Kovalenko, David"]
[Result "0-1"]
[WhiteElo "1000"]
[BlackElo "1246"]
[PlyCount "72"]
[EventDate "2018.12.27"]
[EventType "team-swiss"]
[EventRounds "7"]
[EventCountry "GER"]
[SourceTitle "CBM 188 Extra"]
[Source "ChessBase"]
[SourceDate "2019.02.26"]
[SourceVersion "1"]
[SourceVersionDate "2019.02.26"]
[SourceQuality "1"]
[WhiteTeam "Eilendorf Arminia"]
[BlackTeam "Duesseldorf SV"]
[WhiteTeamCountry "GER"]
[BlackTeamCountry "GER"]

1. e4 c5 2. Nf3 e6 3. Bb5 a6 4. Ba4 b5 5. Bb3 c4 6. Bxc4 bxc4 7. d4 cxd3 8. cxd3 Nc6 9. Nc3 Bb7 10. 0-0 Qc7 11. Be3 Nf6 12. Rc1 Be7 13. d4 d6 14. Qd3 0-0 15. Rc2 Nb4 16. Ne2 Nxc2 17. Rc1 Bxe4 18. Qd2 Rfc8 19. Ne1 Rab8 20. b3 d5 21. f3 Bb4 22. Qd1 Ba3 23. fxe4 Bxc1 24. Qxc1 Nxe3 25. Qxe3 Nxe4 26. Nd3 Qc2 27. Nec1 Qd1+ 28. Ne1 Rxc1 29. h3 Qxe1+ 30. Qxe1 Rxe1+ 31. Kh2 Re2 32. Kg1 Rxa2 33. Kh2 Rxb3 34. Kg1 Rbb2 35. Kh2 Rxg2+ 36. Kh1 Ng3# 0-1

[Event "GER-chT U10"]
[Site "Magdeburg"]
[Date "2016.12.28"]
[Round "4.3"]
[White "Adelmeyer, Nelly"]
[Black "Debets, Mario"]
[Result "1-0"]
[WhiteElo "1144"]
[BlackElo "1026"]
[PlyCount "89"]
[EventDate "2016.12.27"]
[EventType "team-swiss"]
[EventRounds "7"]
[EventCountry "GER"]
[SourceTitle "EXT 2018"]
[Source "ChessBase"]
[SourceDate "2017.10.13"]
[SourceVersion "1"]
[SourceVersionDate "2017.10.13"]
[SourceQuality "1"]
[WhiteTeam "Halle Roter Turm"]
[BlackTeam "Eilendorf Arminia"]
[WhiteTeamCountry "GER"]
[BlackTeamCountry "GER"]

1. e4 e5 2. Nf3 Nc6 3. d4 exd4 4. Nxd4 Bc5 5. Be3 d5 6. Nxc6 bxc6 7. Bxc5 dxe4 8. Qxd8+ Kxd8 9. Bc4 Rb8 10. Bd4 f6 11. b3 Ne7 12. Bxa7 Rb7 13. Be3 Ke8 14. 0-0 Rf8 15. Nc3 Nf5 16. Bf4 Ke7 17. Nxe4 Be6 18. Bxe6 Kxe6 19. Nc5+ Kf7 20. Nxb7 Kg8 21. Nc5 Nd4 22. c3 Ne2+ 23. Kh1 Nxf4 24. Rfe1 Nd5 25. Ne6 Ra8 26. c4 Nc3 27. Nxc7 Ra7 28. Ne6 Nxa2 29. Re2 Rd7 30. Rexa2 Re7 31. Nd4 Rc7 32. g3 c5 33. Nf5 g6 34. Nd6 Rc6 35. Ne4 Rb6 36. Ra3 f5 37. Nc3 Re6 38. h3 Rd6 39. g4 fxg4 40. hxg4 Rd2 41. g5 Rxf2 42. Ne4 Rf4 43. Nxc5 Rf5 44. Ra8+ Kg7 45. R1a7+ 1-0

[Event "GER-chT U10"]
[Site "Magdeburg"]
[Date "2016.12.27"]
[Round "2.3"]
[White "Hinz, Paolo"]
[Black "Debets, Mario"]
[Result "1-0"]
[WhiteElo "1157"]
[BlackElo "1026"]
[PlyCount "37"]
[EventDate "2016.12.27"]
[EventType "team-swiss"]
[EventRounds "7"]
[EventCountry "GER"]
[SourceTitle "EXT 2018"]
[Source "ChessBase"]
[SourceDate "2017.10.13"]
[SourceVersion "1"]
[SourceVersionDate "2017.10.13"]
[SourceQuality "1"]
[WhiteTeam "Stade"]
[BlackTeam "Eilendorf Arminia"]
[WhiteTeamCountry "GER"]
[BlackTeamCountry "GER"]

1. d4 d5 2. c4 dxc4 3. e4 Nc6 4. Nf3 Nf6 5. Nc3 Bg4 6. Be3 e5 7. Be2 Bb4 8. dxe5 Nxe4 9. Qc2 Nxc3 10. bxc3 Ba5 11. Rd1 Qe7 12. Bd4 Bxf3 13. Bxf3 Nxe5 14. Be2 0-0 15. 0-0 Bb6 16. Bxb6 axb6 17. Rfe1 Qh4 18. Rd4 c5 19. Rxh4 1-0